| 000 | 00576nam a2200169 i 4500 | ||
|---|---|---|---|
| 001 | 40679 | ||
| 003 | ES-MaACL | ||
| 005 | 20230906160304.0 | ||
| 007 | t| | ||
| 008 | 030306s1971 sp ||||1| spa d | ||
| 100 | 1 |
_aCarrera y del Castillo, Nicolás de la. _935646 |
|
| 245 | 1 | 0 |
_aOposiciones Escuela General de Policía _b: apuntes a los temas del tercer ejercicio / _cNicolás de la Carrera y del Castillo. |
| 260 |
_aMadrid : _b[s.n.], _c1971. |
||
| 300 |
_a354 p. ; _c24 cm. |
||
| 500 | _aCon apéndice a las ediciones 1970-1971. | ||
| 852 |
_aES-MaACL _jC-43515 _bR.80335 |
||
| 999 |
_c40679 _d40679 |
||